000 01057nam a22003377a 4500
001 BR0401037
003 BR-BrBNA
005 20230928101529.0
007 ta
008 230509b bl.||||| |||| 00| 0 por d
040 _aBR-BrBNA
_bpor
_cBiblioteca Nacional de Agricultura
041 _a(Por)
072 _aL02; L50
_b5100
_b9530
_b8954
090 _ 5100 BR0401037
100 1 _aMattos, F.
110 1 _aFundação Universidade de Brasília, DF (Brasil). Faculdade de Agronomia e Medicina Veterinária
_0Tese (Mestre em Ciências Agrárias)
_95048
245 1 _aO uso de óleo na dieta de eqüinos submetidos ao exercício
260 3 _aBrasília, DF (Brasil):
_c2003.
300 _a47 p.
500 _aSummaries (Eng, Por); Bibliography p. 38-45; 9 tables; 6 illus.
650 _aEQÜINO
650 _aÓLEO VEGETAL
650 _aRAÇÃO
650 _aDIETA
650 _aPERFORMANCE
650 _aHEMATOLOGIA
650 _aPRESSÃO ARTERIAL
650 _aTEMPERATURA DO CORPO
909 _a202309
_bLucia
_c55
_dLucia Elande
942 _cBK
999 _c66275
_d66275